Обоснование способа контроля состояния контактов коммутационной аппаратуры; Энергетика: эффективность, надёжность, безопасность

Xehetasun bibliografikoak
Parent link:Энергетика: эффективность, надёжность, безопасность.— 2011.— [С. 80-82]
Egile nagusia: Сахибгареев К. Ф.
Beste egile batzuk: Суворов И. Ф.
Gaia:Заглавие с титульного листа
Электронная версия печатной публикации
Hizkuntza:errusiera
Argitaratua: 2011
Gaiak:
Sarrera elektronikoa:http://www.lib.tpu.ru/fulltext/v/Conferences/2011/K06/116030.pdf
Formatua: Baliabide elektronikoa Liburu kapitulua
KOHA link:https://koha.lib.tpu.ru/cgi-bin/koha/opac-detail.pl?biblionumber=222985

MARC

LEADER 00000naa2a2200000 4500
001 222985
005 20260220162314.0
035 |a (RuTPU)RU\TPU\book\243217 
035 |a RU\TPU\book\243216 
090 |a 222985 
100 |a 20121003d2011 k y0rusy50 ca 
101 0 |a rus 
102 |a RU 
135 |a drnn ---uucaa 
181 0 |a i  
182 0 |a b 
200 1 |a Обоснование способа контроля состояния контактов коммутационной аппаратуры  |f К. Ф. Сахибгареев, И. Ф. Суворов 
203 |a Текст  |c электронный 
215 |a 1 файл (297 Кб) 
300 |a Заглавие с титульного листа 
300 |a Электронная версия печатной публикации 
337 |a Adobe Reader 
463 1 |0 (RuTPU)RU\TPU\book\241205  |t Энергетика: эффективность, надёжность, безопасность  |o материалы XVII Всероссийской научно-технической конференции, Томск, 7-9 декабря 2011 г.  |f Национальный исследовательский Томский политехнический университет (ТПУ)  |v [С. 80-82]  |d 2011 
610 1 |a коммутационная аппаратура 
610 1 |a методы контроля 
610 1 |a электрические контакты 
610 1 |a состояние 
610 1 |a электронный ресурс 
700 1 |a Сахибгареев  |b К. Ф. 
701 1 |a Суворов  |b И. Ф. 
801 1 |a RU  |b 63413507  |c 20120926 
801 2 |a RU  |b 63413507  |c 20130128  |g RCR 
856 4 |u http://www.lib.tpu.ru/fulltext/v/Conferences/2011/K06/116030.pdf 
942 |c CF